Aktuálne otázky transformácie verejného sektora slovenskej ekonomiky

Na minha lista:
Detalhes bibliográficos
Autor principal: Čaplánová, Anetta, 1967-
Formato: Capítulo de Livro
Idioma:eslovaco
Tags: Adicionar Tag
Sem tags, seja o primeiro a adicionar uma tag!

MARC

LEADER 00000naa$a2200000$$$4500
001 0111454
005 20240502083257.5
041 0 |a slo 
044 |a CZ 
245 1 0 |a Aktuálne otázky transformácie verejného sektora slovenskej ekonomiky  |c Anetta Čaplánová 
100 1 |a Čaplánová, Anetta, 1967-